[Event "ESP-ch U18"]
[Site "Salobrena"]
[Date "2015.07.31"]
[Round "7"]
[White "Pozanco Romasanta, Marc"]
[Black "Ruiz Sicilia, Juan Carlos"]
[Result "1-0"]
[WhiteElo "2121"]
[BlackElo "1911"]
[PlyCount "63"]
[EventDate "2015.07.27"]
[EventType "swiss"]
[EventRounds "9"]
[EventCountry "ESP"]
[SourceTitle "EXT 2016"]
[Source "ChessBase"]
[SourceDate "2015.10.08"]
[SourceVersion "1"]
[SourceVersionDate "2015.10.08"]
[SourceQuality "1"]

1. d4 Nf6 2. c4 g6 3. Nc3 d5 4. Bg5 Ne4 5. Bh4 Bg7 6. cxd5 Nxc3 7. bxc3 Qxd5 8. e3 Qa5 9. Qd2 c5 10. Nf3 Nc6 11. Be2 0-0 12. Rb1 a6 13. 0-0 e6 14. Rb2 Rb8 15. Rfb1 Re8 16. Ne1 Ne7 17. Nd3 Nf5 18. Bg5 f6 19. Bf4 e5 20. dxe5 fxe5 21. Nxe5 Bxe5 22. Qd5+ Be6 23. Qxe5 Rbd8 24. Qf6 b5 25. Be5 Rd7 26. Qh8+ Kf7 27. Qxh7+ Kf8 28. Qh8+ Kf7 29. Qf6+ Kg8 30. Qxg6+ Kf8 31. Bh5 Qd8 32. Qxe8+ 1-0

[Event "ESP-ch U18"]
[Site "Salobrena"]
[Date "2015.07.29"]
[Round "4"]
[White "Ruiz Sicilia, Juan Carlos"]
[Black "De la Calle Fuentes, Sergio"]
[Result "1-0"]
[WhiteElo "1911"]
[BlackElo "1712"]
[PlyCount "65"]
[EventDate "2015.07.27"]
[EventType "swiss"]
[EventRounds "9"]
[EventCountry "ESP"]
[SourceTitle "EXT 2016"]
[Source "ChessBase"]
[SourceDate "2015.10.08"]
[SourceVersion "1"]
[SourceVersionDate "2015.10.08"]
[SourceQuality "1"]

1. c4 e5 2. Nc3 Nc6 3. Nf3 g6 4. g3 Bg7 5. Bg2 d6 6. d3 h6 7. Rb1 Rb8 8. 0-0 f5 9. Qc2 Nf6 10. b4 Ne7 11. Qa4+ Nd7 12. Bb2 0-0 13. Qxa7 Nb6 14. Qa3 Be6 15. Qb3 d5 16. cxd5 Nexd5 17. Nxd5 Bxd5 18. Qc2 e4 19. dxe4 Bxe4 20. Qb3+ Bd5 21. Qd1 Bxa2 22. Bxg7 Kxg7 23. Rc1 Qe7 24. Qd4+ Kg8 25. Rc2 Bb3 26. Rc3 Rfd8 27. Qc5 Qf7 28. Qxc7 Nd7 29. Qf4 g5 30. Qe3 Bd5 31. Rd1 Nf6 32. Qb6 Bc6 33. Rxd8+ 1-0

[Event "ESP-ch U18"]
[Site "Salobrena"]
[Date "2015.07.27"]
[Round "1"]
[White "Balbuena Fuentes, Mario"]
[Black "Ruiz Sicilia, Juan Carlos"]
[Result "1-0"]
[WhiteElo "2265"]
[BlackElo "1911"]
[PlyCount "47"]
[EventDate "2015.07.27"]
[EventType "swiss"]
[EventRounds "9"]
[EventCountry "ESP"]
[SourceTitle "EXT 2016"]
[Source "ChessBase"]
[SourceDate "2015.10.08"]
[SourceVersion "1"]
[SourceVersionDate "2015.10.08"]
[SourceQuality "1"]

1. e4 e6 2. d4 d5 3. Nd2 Nf6 4. e5 Nfd7 5. c3 c5 6. Bd3 Nc6 7. Ne2 cxd4 8. cxd4 f6 9. Nf4 Nxd4 10. Qh5+ Ke7 11. exf6+ Nxf6 12. Ng6+ hxg6 13. Qxh8 Kf7 14. 0-0 Nh5 15. Nb3 Nxb3 16. axb3 e5 17. Re1 Qf6 18. Be2 Bc5 19. Be3 Bxe3 20. fxe3 Qg5 21. Bxh5 gxh5 22. Rf1+ Kg6 23. Qe8+ Kh7 24. Rf8 1-0